|
|
|
|
| LEADER |
00000cam a2200000 a 4500 |
| 005 |
2011112903093.0 |
| 007 |
cr|||| |||| |
| 008 |
110511s2011 spc 000 0 spa c |
| 017 |
|
|
|a DL SE. 2277-2011
|
| 020 |
|
|
|a 9788476989609
|
| 035 |
|
|
|a 6012
|
| 040 |
|
|
|d vLex
|
| 090 |
|
|
|c 2803
|d 2803
|
| 245 |
0 |
3 |
|a Un Codi per al dret civil de Catalunya: idealisme o pragmatisme?
|h [Recurso electrn̤ico] :
|b estudis en commemoraci ̤del 50 ̈aniversari de la Compilaci ̤/
|c Sergio Llebara̕ Samper, coordinador ; Alfonso Arroyo De̕z ... [et al.]
|
| 256 |
|
|
|a Servicio en ln̕ea
|
| 260 |
|
|
|a Barcelona :
|b ESADE. Facultad de Derecho. Universidad Ramon Llull :
|b J.M. Bosch,
|c 2011
|
| 300 |
|
|
|a 1 recurso electrn̤ico
|
| 500 |
|
|
|a El 21 de juliol de 2010 la Compilaci ̤del Dret civil especial de Catalunya va complir 50 anys. I els va complir aprimada i agonitzant, ja que molts dels seus 344 articles ja han estat derogats. Per ̣lluny de ser aix ̣motiu de lamentaci,̤ desperta si mš no un insondable inters̈, ats̈ que la causa de la seva agonia no š una altra que la Codificaci ̤del Dret civil de Catalunya. Morir ̉la Compilaci,̤ en un sacrifici excels a favor del creixement de Dret civil catal.̉ Per tant, l'aniversari serveix tamb ̌per celebrar el nostre propi procš codificador. Per ̣celebrar una efemr̈ide no š incompatible amb el judici crt̕ic que qualifica al jurista. Qu ̈ha passat i qu ̈est ̉passant en aquest creixement normatiu? Quins avantatges i virtuts presenta la codificaci ̤del Dret civil? Est ̉exempta de riscos i desencerts? Tot aix ̣ens ha preocupat als professors de la Facultat de Dret d'ESADE (URL), i no solament de Dret civil. Preocupaci ̤que hem traslladat en el 2010 a seminaris i debats, fruit dels quals sn̤ els diferents treballs que cont ̌el present llibre. Diferents p̣tiques, diferents matr̈ies, diferent metodologia i diferents conclusions, expressives del pluralisme i de la independn̈cia que caracteritza el nostre claustre.
|
| 504 |
|
|
|a Referencias bibliogrf̀icas
|
| 506 |
1 |
|
|a Contenido solo disponible en los productos indicados
|d vLex Global
|d vLex Global (Academic Edition, excluding Law Schools)
|d vLex Global (U.S. Academic Edition, Law Schools)
|d vLex Global (U.S. Academic Edition, excluding Law Schools)
|d vLex Global (Academic Edition, Law Schools)
|
| 650 |
|
4 |
|a Derecho civil
|z Cataluą
|
| 650 |
|
4 |
|a Codificacin̤ del derecho
|
| 700 |
1 |
|
|a Llebara̕ Samper, Sergio,
|e coord.
|
| 700 |
1 |
|
|a Arroyo De̕z, Alfonso
|
| 740 |
0 |
|
|a vLex Libros (Servicio en ln̕ea)
|
| 830 |
|
0 |
|a Bosch formacin̤
|
| 830 |
|
0 |
|a Coleccin̤ de formacin̤ continua Facultad de Derecho ESADE ;
|v 8
|
| 856 |
4 |
0 |
|u http://vlex.com/source/codi-dret-civil-catalunya-idealisme-pragmatisme-estudis-en-commemoracio-del-50e-aniversari-compilacio-6012
|z Acceso restringido
|
| 942 |
|
|
|c BOOK
|